000 00489nam a2200169Ia 4500
003 GCL
008 140319s9999 xx 000 0 ara d
040 _aGCL /
_cGCL
082 0 4 _a811.2
_bش ش
100 1 _aشوقى رياض احمد
245 1 0 _aشعر النقائض فى السيرة النبوية /
_cشوقى رياض احمد
490 _aكتاب
_v0
650 0 4 _aالشعر الدينى
650 0 4 _aالشعر الصوفى
650 0 4 _aالنقائض
942 _2ddc
_cBK
999 _c41309
_d41309